<?xml version="1.0" encoding="UTF-8"?>
<collection xmlns="http://www.loc.gov/MARC21/slim">
 <record>
  <leader>04444cam a2200709   4500</leader>
  <controlfield tag="001">749937386</controlfield>
  <controlfield tag="003">DE-627</controlfield>
  <controlfield tag="005">20210310151303.0</controlfield>
  <controlfield tag="007">tu</controlfield>
  <controlfield tag="008">130624s2013    xxu|||||      00| ||eng c</controlfield>
  <datafield tag="010" ind1=" " ind2=" ">
   <subfield code="a">  2012042494</subfield>
  </datafield>
  <datafield tag="020" ind1=" " ind2=" ">
   <subfield code="a">1606061291</subfield>
   <subfield code="9">1-60606-129-1</subfield>
  </datafield>
  <datafield tag="020" ind1=" " ind2=" ">
   <subfield code="a">9781606061299</subfield>
   <subfield code="9">978-1-60606-129-9</subfield>
  </datafield>
  <datafield tag="020" ind1=" " ind2=" ">
   <subfield code="z">978606061299</subfield>
  </datafield>
  <datafield tag="024" ind1="3" ind2=" ">
   <subfield code="a">9781606061299</subfield>
  </datafield>
  <datafield tag="035" ind1=" " ind2=" ">
   <subfield code="a">(DE-627)749937386</subfield>
  </datafield>
  <datafield tag="035" ind1=" " ind2=" ">
   <subfield code="a">(DE-576)381873587</subfield>
  </datafield>
  <datafield tag="035" ind1=" " ind2=" ">
   <subfield code="a">(DE-599)GBV749937386</subfield>
  </datafield>
  <datafield tag="035" ind1=" " ind2=" ">
   <subfield code="a">(OCoLC)815758014</subfield>
  </datafield>
  <datafield tag="035" ind1=" " ind2=" ">
   <subfield code="a">(OCoLC)815758014</subfield>
  </datafield>
  <datafield tag="040" ind1=" " ind2=" ">
   <subfield code="a">DE-627</subfield>
   <subfield code="b">ger</subfield>
   <subfield code="c">DE-627</subfield>
   <subfield code="e">rakwb</subfield>
  </datafield>
  <datafield tag="041" ind1=" " ind2=" ">
   <subfield code="a">eng</subfield>
  </datafield>
  <datafield tag="041" ind1=" " ind2=" ">
   <subfield code="h">fre</subfield>
  </datafield>
  <datafield tag="044" ind1=" " ind2=" ">
   <subfield code="c">XD-US</subfield>
  </datafield>
  <datafield tag="050" ind1=" " ind2="0">
   <subfield code="a">N6853.M33</subfield>
  </datafield>
  <datafield tag="082" ind1="0" ind2=" ">
   <subfield code="a">759.4</subfield>
   <subfield code="q">LOC</subfield>
   <subfield code="2">23</subfield>
  </datafield>
  <datafield tag="084" ind1=" " ind2=" ">
   <subfield code="a">9,10</subfield>
   <subfield code="2">ssgn</subfield>
  </datafield>
  <datafield tag="084" ind1=" " ind2=" ">
   <subfield code="a">LI 57250</subfield>
   <subfield code="q">BVB</subfield>
   <subfield code="2">rvk</subfield>
   <subfield code="0">(DE-625)rvk/96588:</subfield>
  </datafield>
  <datafield tag="084" ind1=" " ind2=" ">
   <subfield code="a">20.31</subfield>
   <subfield code="2">bkl</subfield>
  </datafield>
  <datafield tag="100" ind1="1" ind2=" ">
   <subfield code="a">Matisse, Henri</subfield>
   <subfield code="d">1869-1954</subfield>
   <subfield code="0">(DE-588)118578847</subfield>
   <subfield code="0">(DE-627)145380238</subfield>
   <subfield code="0">(DE-576)162160208</subfield>
   <subfield code="4">aut</subfield>
  </datafield>
  <datafield tag="245" ind1="1" ind2="0">
   <subfield code="a">Chatting with Henri Matisse</subfield>
   <subfield code="b">the lost 1941 interview</subfield>
   <subfield code="c">Henri Matisse with Pierre Courthion. Translation by Chris Miller. Edited by Serge Guilbaut</subfield>
  </datafield>
  <datafield tag="246" ind1="3" ind2="3">
   <subfield code="a">Henri Matisse</subfield>
  </datafield>
  <datafield tag="264" ind1=" " ind2="1">
   <subfield code="a">Los Angeles, Calif.</subfield>
   <subfield code="b">Getty Research Institute</subfield>
   <subfield code="c">2013</subfield>
  </datafield>
  <datafield tag="300" ind1=" " ind2=" ">
   <subfield code="a">X, 356 S</subfield>
   <subfield code="b">Ill</subfield>
  </datafield>
  <datafield tag="336" ind1=" " ind2=" ">
   <subfield code="a">Text</subfield>
   <subfield code="b">txt</subfield>
   <subfield code="2">rdacontent</subfield>
  </datafield>
  <datafield tag="337" ind1=" " ind2=" ">
   <subfield code="a">ohne Hilfsmittel zu benutzen</subfield>
   <subfield code="b">n</subfield>
   <subfield code="2">rdamedia</subfield>
  </datafield>
  <datafield tag="338" ind1=" " ind2=" ">
   <subfield code="a">Band</subfield>
   <subfield code="b">nc</subfield>
   <subfield code="2">rdacarrier</subfield>
  </datafield>
  <datafield tag="500" ind1=" " ind2=" ">
   <subfield code="a">With appendix: French transcription of the interview</subfield>
  </datafield>
  <datafield tag="501" ind1=" " ind2=" ">
   <subfield code="a">Includes index</subfield>
  </datafield>
  <datafield tag="520" ind1=" " ind2=" ">
   <subfield code="a">In 1941 the Swiss art critic Pierre Courthion interviewed Henri Matisse while the artist was in bed recovering from a serious operation. It was an extensive interview, seen at the time as a vital assessment of Matisse’s career and set to be published by Albert Skira’s then newly established Swiss press. After months of complicated discussions between Courthion and Matisse, and just weeks before the book was to come out—the artist even had approved the cover design—Matisse suddenly refused its publication. A typescript of the interview now resides in Courthion’s papers at the Getty Research Institute. This rich conversation, conducted during the Nazi occupation of France, is published for the first time in this volume, where it appears both in English translation and in the original French version. Matisse unravels memories of his youth and his life as a bohemian student in Gustave Moreau’s atelier. He recounts his experience with collectors, including Albert C. Barnes. He discusses fame, writers, musicians, politicians, and, most fascinatingly, his travels. Chatting with Henri Matisse, introduced by Serge Guilbaut, contains a preface by Claude Duthuit, Matisse’s grandson, and essays by Yve-Alain Bois and Laurence Bertrand Dorléac. The book includes unpublished correspondence and other original documents related to Courthion’s interview and abounds with details about avant-garde life, tactics, and artistic creativity in the first half of the twentieth century.</subfield>
  </datafield>
  <datafield tag="600" ind1="1" ind2="0">
   <subfield code="a">Matisse, Henri</subfield>
   <subfield code="d">1869-1954</subfield>
   <subfield code="v">Interviews</subfield>
  </datafield>
  <datafield tag="600" ind1="1" ind2="0">
   <subfield code="a">Matisse, Henri 1869-1954</subfield>
   <subfield code="x">Interviews</subfield>
  </datafield>
  <datafield tag="650" ind1=" " ind2="0">
   <subfield code="a">Artists</subfield>
   <subfield code="z">France</subfield>
   <subfield code="v">Interviews</subfield>
  </datafield>
  <datafield tag="650" ind1=" " ind2="0">
   <subfield code="a">Artists</subfield>
   <subfield code="x">Interviews</subfield>
   <subfield code="x">France</subfield>
  </datafield>
  <datafield tag="655" ind1=" " ind2="7">
   <subfield code="a">Interview</subfield>
   <subfield code="0">(DE-588)4027503-6</subfield>
   <subfield code="0">(DE-627)104767812</subfield>
   <subfield code="0">(DE-576)208971211</subfield>
   <subfield code="2">gnd-content</subfield>
  </datafield>
  <datafield tag="689" ind1="0" ind2="0">
   <subfield code="d">p</subfield>
   <subfield code="0">(DE-588)118578847</subfield>
   <subfield code="0">(DE-627)145380238</subfield>
   <subfield code="0">(DE-576)162160208</subfield>
   <subfield code="a">Matisse, Henri</subfield>
   <subfield code="d">1869-1954</subfield>
   <subfield code="2">gnd</subfield>
  </datafield>
  <datafield tag="689" ind1="0" ind2="1">
   <subfield code="d">p</subfield>
   <subfield code="0">(DE-588)129408700</subfield>
   <subfield code="0">(DE-627)396070809</subfield>
   <subfield code="0">(DE-576)16063184X</subfield>
   <subfield code="a">Courthion, Pierre</subfield>
   <subfield code="d">1902-1988</subfield>
   <subfield code="2">gnd</subfield>
  </datafield>
  <datafield tag="689" ind1="0" ind2="2">
   <subfield code="a">z</subfield>
   <subfield code="2">gnd</subfield>
   <subfield code="a">Geschichte 1941</subfield>
  </datafield>
  <datafield tag="689" ind1="0" ind2=" ">
   <subfield code="5">(DE-627)</subfield>
  </datafield>
  <datafield tag="700" ind1="1" ind2=" ">
   <subfield code="a">Courthion, Pierre</subfield>
   <subfield code="d">1902-1988</subfield>
   <subfield code="0">(DE-588)129408700</subfield>
   <subfield code="0">(DE-627)396070809</subfield>
   <subfield code="0">(DE-576)16063184X</subfield>
   <subfield code="4">oth</subfield>
  </datafield>
  <datafield tag="700" ind1="1" ind2=" ">
   <subfield code="a">Guilbaut, Serge</subfield>
   <subfield code="d">1943-</subfield>
   <subfield code="e">Hrsg.</subfield>
   <subfield code="0">(DE-588)1033477435</subfield>
   <subfield code="0">(DE-627)741296586</subfield>
   <subfield code="0">(DE-576)381080609</subfield>
   <subfield code="4">edt</subfield>
  </datafield>
  <datafield tag="787" ind1="0" ind2="8">
   <subfield code="i">Rezension</subfield>
   <subfield code="a">Kropmanns, Peter</subfield>
   <subfield code="t">Entretien, bavardage, radotage?</subfield>
   <subfield code="d">2015</subfield>
   <subfield code="w">(DE-627)1750982811</subfield>
  </datafield>
  <datafield tag="856" ind1="4" ind2="2">
   <subfield code="u">http://swbplus.bsz-bw.de/bsz381873587inh.htm</subfield>
   <subfield code="m">B:DE-576;DE-16</subfield>
   <subfield code="q">application/pdf</subfield>
   <subfield code="v">20131111101011</subfield>
   <subfield code="x">Verlag</subfield>
   <subfield code="3">Inhaltsverzeichnis</subfield>
  </datafield>
  <datafield tag="935" ind1=" " ind2=" ">
   <subfield code="i">Blocktest</subfield>
  </datafield>
  <datafield tag="936" ind1="r" ind2="v">
   <subfield code="a">LI 57250</subfield>
   <subfield code="b">Matisse, Henri</subfield>
   <subfield code="k">Kunstgeschichte</subfield>
   <subfield code="k">Künstler-Monografien</subfield>
   <subfield code="k">Alphabetische Künstlerliste</subfield>
   <subfield code="k">Künstler M</subfield>
   <subfield code="k">Matisse, Henri</subfield>
   <subfield code="0">(DE-627)1270651714</subfield>
   <subfield code="0">(DE-625)rvk/96588:</subfield>
   <subfield code="0">(DE-576)200651714</subfield>
  </datafield>
  <datafield tag="936" ind1="b" ind2="k">
   <subfield code="a">20.31</subfield>
   <subfield code="j">Bildende Künstler</subfield>
   <subfield code="0">(DE-627)181571080</subfield>
  </datafield>
  <datafield tag="951" ind1=" " ind2=" ">
   <subfield code="a">BO</subfield>
  </datafield>
  <datafield tag="990" ind1=" " ind2=" ">
   <subfield code="a">Matisse, Henri</subfield>
  </datafield>
  <datafield tag="990" ind1=" " ind2=" ">
   <subfield code="a">Courthion, Pierre</subfield>
  </datafield>
  <datafield tag="990" ind1=" " ind2=" ">
   <subfield code="a">Geschichte 1941</subfield>
  </datafield>
  <datafield tag="991" ind1=" " ind2=" ">
   <subfield code="a">Rezensiertes Werk</subfield>
  </datafield>
  <datafield tag="999" ind1=" " ind2=" ">
   <subfield code="a">KXP-PPN749937386</subfield>
   <subfield code="e">4050021161</subfield>
  </datafield>
 </record>
</collection>
